Unit operations of chemical engineering (Record no. 3799)

000 -LEADER
fixed length control field 00652nam a2200241 a 4500
001 - CONTROL NUMBER
control field 3799
003 - CONTROL NUMBER IDENTIFIER
control field BD-DhUET
008 - FIXED-LENGTH DATA ELEMENTS--GENERAL INFORMATION
fixed length control field 850523s1985 nyua b 001 0 eng
020 ## - INTERNATIONAL STANDARD BOOK NUMBER
International Standard Book Number 0070448280
040 ## - CATALOGING SOURCE
Modifying agency BD-DhUET
Transcribing agency 0
082 0# - DEWEY DECIMAL CLASSIFICATION NUMBER
Classification number 660.2842
Item number MCC/1985
100 1# - MAIN ENTRY--PERSONAL NAME
Personal name McCabe, Warren L.
245 10 - TITLE STATEMENT
Title Unit operations of chemical engineering
250 ## - EDITION STATEMENT
Edition statement 4th ed.
260 ## - PUBLICATION, DISTRIBUTION, ETC. (IMPRINT)
Place of publication, distribution, etc. New York
Name of publisher, distributor, etc. McGraw-Hill
Date of publication, distribution, etc. 1985
300 ## - PHYSICAL DESCRIPTION
Extent x, 960 p.
Other physical details ill.
Dimensions 25 cm.
490 1# - SERIES STATEMENT
Series statement McGraw-Hill chemical engineering series
504 ## - BIBLIOGRAPHY, ETC. NOTE
Bibliography, etc Includes bibliographies
650 #0 - SUBJECT ADDED ENTRY--TOPICAL TERM
Topical term or geographic name as entry element Chemical Processer
700 1# - ADDED ENTRY--PERSONAL NAME
Personal name Smith, Julian C.
700 1# - ADDED ENTRY--PERSONAL NAME
Personal name Harriott, Peter.
942 ## - ADDED ENTRY ELEMENTS (KOHA)
Koha item type General Book
Holdings
Piece designation (barcode) Koha normalized classification for sorting Location (home branch) Koha item type Koha issues (times borrowed) Source of classification or shelving scheme Koha date last seen Price effective from Lost status Damaged status Withdrawn status Koha full call number Date acquired Koha date last borrowed Copy number Shelving location Not for loan Sublocation or collection (holding branch)
72739660_000000000000000_2842MCC198Central Library, BUETGeneral Book  2016-10-232014-11-05   660.2842/MCC/19852014-11-05 1Circulation section Central Library, BUET
77549660_000000000000000_2842MCC198Central Library, BUETGeneral Book  2014-11-052014-11-05   660.2842/MCC/19852014-11-05 2Circulation section Central Library, BUET
77550660_000000000000000_2842MCC198Central Library, BUETGeneral Book2 2018-12-042014-11-05   660.2842/MCC/19852014-11-052018-11-143Circulation section Central Library, BUET
68731660_284200000000000_MCC_1985Central Library, BUETReading Item  2015-07-012015-07-01   660.2842/MCC/19852015-07-01 4Reading section Central Library, BUET
73910660_284200000000000_MCC_1985Central Library, BUETRental Item  2024-11-252024-11-25   660.2842 MCC/19851989-06-27 ৪/ক-১Rental section Central Library, BUET
73911660_284200000000000_MCC_1985Central Library, BUETRental Item  2024-11-252024-11-25   660.2842 MCC/19851989-06-27 ৪/ক-২Rental section Central Library, BUET
73912660_284200000000000_MCC_1985Central Library, BUETRental Item  2024-11-252024-11-25   660.2842 MCC/19851989-06-27 ৪/ক-৩Rental section Central Library, BUET
73913660_284200000000000_MCC_1985Central Library, BUETRental Item  2024-11-252024-11-25   660.2842 MCC/19851989-06-27 ৪/ক-৪Rental section Central Library, BUET
73914660_284200000000000_MCC_1985Central Library, BUETRental Item  2024-11-252024-11-25   660.2842 MCC/19851989-06-27 ৪/ক-৫Rental section Central Library, BUET
73915660_284200000000000_MCC_1985Central Library, BUETRental Item  2024-11-252024-11-25   660.2842 MCC/19851989-06-27 ৪/ক-৬Rental section Central Library, BUET
73916660_284200000000000_MCC_1985Central Library, BUETRental Item  2024-11-252024-11-25   660.2842 MCC/19851989-06-27 ৪/ক-৭Rental section Central Library, BUET
73917660_284200000000000_MCC_1985Central Library, BUETRental Item  2024-11-252024-11-25   660.2842 MCC/19851989-06-27 ৪/ক-৮Rental section Central Library, BUET
73918660_284200000000000_MCC_1985Central Library, BUETRental Item  2024-11-252024-11-25   660.2842 MCC/19851989-06-27 ৪/ক-৯Rental section Central Library, BUET
73919660_284200000000000_MCC_1985Central Library, BUETRental Item  2024-11-252024-11-25   660.2842 MCC/19851989-06-27 ৪/ক-১০Rental section Central Library, BUET
73934660_284200000000000_MCC_1985Central Library, BUETRental Item  2024-11-252024-11-25   660.2842 MCC/19851989-06-27 ৪/ক-২৫Rental section Central Library, BUET
73935660_284200000000000_MCC_1985Central Library, BUETRental Item  2024-11-252024-11-25   660.2842 MCC/19851989-06-27 ৪/ক-২৬Rental section Central Library, BUET